Lucky loser : (Record no. 126955)

MARC details
000 -LEADER
campo de control de longitud fija 05567cam a2200589 i 4500
001 - NÚMERO DE CONTROL
campo de control 23919521
003 - IDENTIFICADOR DE NÚMERO DE CONTROL
campo de control BJBSDDR
005 - FECHA Y HORA DE LA ÚLTIMA TRANSACCIÓN
campo de control 20260429134602.0
007 - CAMPO FIJO DE DESCRIPCIÓN FÍSICA--INFORMACIÓN GENERAL
campo de control de longitud fija ta
008 - DATOS DE LONGITUD FIJA--INFORMACIÓN GENERAL
campo de control de longitud fija 241112t20242024nyuaf b 001 0beng
010 ## - NÚMERO DE CONTROL DE LA BIBLIOTECA DEL CONGRESO
Número de control de LC 2024404746
020 ## - NÚMERO INTERNACIONAL ESTÁNDAR DEL LIBRO
Número Internacional Estándar del Libro 9780593298664
020 ## - NÚMERO INTERNACIONAL ESTÁNDAR DEL LIBRO
Número Internacional Estándar del Libro 0593298667
035 ## - NÚMERO DE CONTROL DEL SISTEMA
Número de control de sistema 23919521
040 ## - FUENTE DE CATALOGACIÓN
Centro catalogador/agencia de origen DLC
Lengua de catalogación eng
Normas de descripción rda
Centro/agencia transcriptor DLC
Centro/agencia modificador DLC
041 ## - CÓDIGO DE IDIOMA
Código de lengua del texto/banda sonora o título independiente eng
042 ## - CÓDIGO DE AUTENTICACIÓN
Código de autenticación pcc
050 00 - SIGNATURA TOPOGRÁFICA DE LA BIBLIOTECA DEL CONGRESO
Número de clasificación E 913.3
Número de ítem B928l 2024
082 04 - NÚMERO DE LA CLASIFICACIÓN DECIMAL DEWEY
Número de clasificación 973.933092
-- B
Número de edición 23/eng/20240717
100 1# - ENTRADA PRINCIPAL--NOMBRE DE PERSONA
Nombre de persona Buettner, Russ
Término indicativo de función/relación author.
9 (RLIN) 48206
245 10 - MENCIÓN DEL TÍTULO
Título Lucky loser :
Resto del título how Donald Trump squandered his father's fortune and created the illusion of success /
Mención de responsabilidad, etc. Russ Buettner and Susanne Craig.
246 30 - FORMA VARIANTE DEL TITULO
Título propio/Titulo breve How Donald Trump squandered his father's fortune and created the illusion of success
264 #1 - PRODUCCIÓN, PUBLICACIÓN, DISTRIBUCIÓN, FABRICACIÓN Y COPYRIGHT
Producción, publicación, distribución, fabricación y copyright New York :
Nombre del de productor, editor, distribuidor, fabricante Penguin Press,
Fecha de producción, publicación, distribución, fabricación o copyright [2024]
264 #4 - PRODUCCIÓN, PUBLICACIÓN, DISTRIBUCIÓN, FABRICACIÓN Y COPYRIGHT
Fecha de producción, publicación, distribución, fabricación o copyright ©2024
300 ## - DESCRIPCIÓN FÍSICA
Extensión 519 pages, 8 unnumbered pages of plates :
Otras características físicas illustrations (some color) ;
Dimensiones 24 cm
336 ## - TIPO DE CONTENIDO
Término de tipo de contenido text
Código de tipo de contenido txt
Fuente rdacontent
336 ## - TIPO DE CONTENIDO
Término de tipo de contenido still image
Código de tipo de contenido sti
Fuente rdacontent
337 ## - TIPO DE MEDIO
Nombre/término del tipo de medio unmediated
Código del tipo de medio n
Fuente rdamedia
338 ## - TIPO DE SOPORTE
Nombre/término del tipo de soporte volume
Código del tipo de soporte nc
Fuente rdacarrier
504 ## - NOTA DE BIBLIOGRAFÍA, ETC.
Nota de bibliografía, etc. Includes bibliographical references and index.
505 0# - NOTA DE CONTENIDO CON FORMATO
Nota de contenido con formato Part I: The father. A natural virgin market -- The American way of life -- They just went wild -- In his father's sights -- Toy soldier academy -- March the line -- It's all over now -- All show -- Part II: The son. By no means standing still -- Shadowboxing -- Whatever the Trumps want -- Everything he touches -- The latest jewel -- Mr. Baron's tower -- So much hoopla -- Part III: The everything man. Almost rational -- Risk and reward -- All of life is a stage -- Entertainer-impresario -- Campaign of truth -- White elephants -- Wildest expectations -- No intention to ask -- The spy next door -- Always there for me -- Part IV: Dramality. The producer -- "I used my brain" -- The talent -- The danger of overcommercialization -- Better than real estate -- Real estate -- Don't do this for the money.
520 ## - RESUMEN, ETC.
Sumario, etc. "Soon after announcing his first campaign for the US presidency, Donald J. Trump told a national television audience that life 'has not been easy for me. It has not been easy for me.' Building on a narrative he had been telling for decades, he spun a hardscrabble fable of how he parlayed a small loan from his father into a multi-billion-dollar business and real estate empire. This feat, he argued, made him singularly qualified to lead the country. None of it was true. Born to a rich father who made him the beneficiary of his own highly lucrative investments, Trump received the equivalent of more than $500 million today via means that required no business expertise whatsoever. Drawing on over twenty years' worth of Trump's confidential tax information, including the tax returns he tried to conceal, alongside business records and interviews with Trump insiders, New York Times investigative reporters Russ Buettner and Susanne Craig track Trump's financial rise and fall, and rise and fall again. For decades, he squanders his fortunes on money losing businesses, only to be saved yet again by financial serendipity. He tacks his name above the door of every building, while taking out huge loans he'll never repay. He obsesses over appearances, while ignoring threats to the bottom line and mounting costly lawsuits against city officials. He tarnishes the value of his name by allowing anyone with a big enough check to use it, and cheats the television producer who not only rescues him from bankruptcy but casts him as a business savant--the public image that will carry him to the White House. A masterpiece of narrative reporting, Lucky Loser is a meticulous, nearly-century spanning narrative, filled with scoops from Trump Tower, Mar-a-Lago, Atlantic City, and the set of The Apprentice. At a moment when Trump's tether to success and power is more precarious than ever, here for the first time is the definitive true accounting of Trump and his money--what he had, what he lost, and what he has left --and the final word on the myth of Trump, the self-made billionaire"--
Fuente proveedora Jacket page [ii].
520 ## - RESUMEN, ETC.
Sumario, etc. "From the Pulitzer Prize-winning reporters behind the 2018 bombshell New York Times exposé of then-President Trump's finances, an explosive investigation into the history of Donald Trump's wealth, revealing how one of the country's biggest business failures lied his way into the White House"--
Fuente proveedora Provided by publisher.
600 10 - PUNTO DE ACCESO ADICIONAL DE MATERIA--NOMBRE DE PERSONA
Nombre de persona Trump, Donald,
Fechas asociadas al nombre 1946-
Subdivisión general Finance, Personal.
600 10 - PUNTO DE ACCESO ADICIONAL DE MATERIA--NOMBRE DE PERSONA
Nombre de persona Trump, Donald,
Fechas asociadas al nombre 1946-
Subdivisión general Family.
600 10 - PUNTO DE ACCESO ADICIONAL DE MATERIA--NOMBRE DE PERSONA
Nombre de persona Trump, Donald,
Fechas asociadas al nombre 1946-
Subdivisión general Friends and associates.
600 30 - PUNTO DE ACCESO ADICIONAL DE MATERIA--NOMBRE DE PERSONA
Nombre de persona Trump family.
610 20 - PUNTO DE ACCESO ADICIONAL DE MATERIA--NOMBRE DE ENTIDAD CORPORATIVA
Nombre de entidad corporativa o nombre de jurisdicción como elemento de entrada Trump Organization (New York, N.Y.)
Subdivisión general Corrupt practices.
650 #0 - PUNTO DE ACCESO ADICIONAL DE MATERIA--TÉRMINO DE MATERIA
Término de materia o nombre geográfico como elemento de entrada Presidents
Subdivisión geográfica United States
Subdivisión de forma Biography.
650 #0 - PUNTO DE ACCESO ADICIONAL DE MATERIA--TÉRMINO DE MATERIA
Término de materia o nombre geográfico como elemento de entrada Businesspeople
Subdivisión geográfica United States
Subdivisión de forma Biography.
650 #0 - PUNTO DE ACCESO ADICIONAL DE MATERIA--TÉRMINO DE MATERIA
Término de materia o nombre geográfico como elemento de entrada Fathers and sons
Subdivisión geográfica United States
Subdivisión de forma Biography.
650 #0 - PUNTO DE ACCESO ADICIONAL DE MATERIA--TÉRMINO DE MATERIA
Término de materia o nombre geográfico como elemento de entrada Presidents
Subdivisión general Professional ethics
Subdivisión geográfica United States.
651 #0 - PUNTO DE ACCESO ADICIONAL DE MATERIA--NOMBRE GEOGRÁFICO
Nombre geográfico United States
Subdivisión general Politics and government
Subdivisión cronológica 2017-2021.
655 #7 - TERMINO DE INDIZACIÓN--GENERO/FORMA
Datos o término principal de género/forma Biographies.
Fuente del término lcgft
Número de control del registro de autoridad o número normalizado https://id.loc.gov/authorities/genreForms/gf2014026049
700 1# - ENTRADA AGREGADA--NOMBRE PERSONAL
Nombre de persona Craig, Susanne,
Fechas asociadas al nombre 1968-
Término indicativo de función/relación author.
URI de un objeto del mundo real http://viaf.org/viaf/13154013702909190427
9 (RLIN) 48207
776 08 - ENTRADA DE FORMULARIO FÍSICO ADICIONAL
Información de relación Online version:
Encabezamiento principal Buettner, Russ.
Título Lucky loser.
Lugar, editor y fecha de publicación New York : Penguin Press, [2024]
Número Internacional Estándar del Libro 9780593298657
906 ## - ELEMENTOS DE DATOS F LOCAL, LDF (RLIN)
a 7
b cbc
c origres
d 2
e ncip
f 20
g y-gencatlg
942 ## - ELEMENTOS DE ENTRADA SECUNDARIOS (KOHA)
Fuente del sistema de clasificación o colocación Clasificación de Library of Congress
Suprimir en OPAC No
Tipo de ítem Koha Libro
946 ## - PROCESAMIENTO DE INFORMACIÓN LOCAL (OCLC)
Iniciales del agente catalogador rmza
Holdings
Estatus retirado Estado de pérdida Fuente del sistema de clasificación o colocación Estado de daño No para préstamo Colección Biblioteca de origen Biblioteca actual Ubicación en estantería Fecha de adquisición Signatura topográfica completa Código de barras Visto por última vez Copia número Tipo de ítem Koha
    Clasificación de Library of Congress     Automatización y Procesos Técnicos Biblioteca Juan Bosch Biblioteca Juan Bosch Automatización y Procesos Técnicos (1er. Piso) 29/04/2026 E 913.3 B928l 2024 00000183853 29/04/2026 1 Libro